000 00493nam a2200109Ia 4500
008 221009s9999 xx 000 0 und d
082 _a001
100 _aसंपादक मण्‍डल प्रतियोगिता दर्पण
_931843
245 0 _aसी सैट राज्‍य सिविल सेवा प्रारम्भिक परीक्षा सामान्‍य अध्‍ययन
260 _bउपकार प्रकाशन
942 _cBK
999 _c65139
_d65139